000 00484nam a2200169 i 4500
001 C2-0323716
003 PPAK
005 20180729001408.0
008 131112s my |||| ||||| | may d
040 _aPPAK
_beng
_cPPAK
_erda
245 0 0 _aGemalai tari
_bmuzik tarian etnik Sabah
264 1 _aSabah :
_bPejabat Kebudayaan dan Kesenian Negeri Sabah ,
_c[n.d.]
336 _2rdacontent
_atext
337 _2rdamedia
_aunmediated
338 _2rdacarrier
_avolume
942 _2ddc
_cVCD
999 _c167392
_d167392